Guess the Gracie Abrams song with no hints #1 - Statistics

General Stats
  • This quiz has been taken 2,370 times
  • The average score is 233 of 385
Answer Stats
Lyrics % Correct
I
98%
you
93%
You
93%
you,
93%
a
91%
love
82%
the
82%
me
81%
me,
81%
so
78%
it
77%
It
77%
to
77%
we
77%
be
74%
an
73%
is
73%
no
73%
when
72%
go
71%
that
71%
That
71%
your
70%
And
68%
on
68%
I'm
67%
what
66%
in,
65%
in
65%
know
65%
then
64%
feel
63%
Feel
63%
like
63%
Like
63%
now
62%
This
61%
was
61%
were
61%
We're
61%
you're
61%
You're
61%
but
60%
But
60%
want,
60%
it's
59%
It's
59%
my
59%
can
58%
don't
57%
for
57%
how
57%
How
57%
could
56%
of
56%
time
56%
all
55%
are
55%
at
55%
free
55%
out,
54%
she
54%
hate
53%
here
53%
here,
53%
If
53%
if
53%
knew
53%
knew,
53%
think
53%
bad
52%
good
52%
not
52%
only
52%
up
52%
get
50%
isn't
50%
Never
50%
can't
49%
from
49%
From
49%
mad
49%
there
48%
didn't
47%
hope
47%
Hope
47%
I'll
47%
let
47%
right
47%
away
46%
down
46%
guy,
46%
loved
46%
share
46%
two
46%
way
46%
with
46%
find
45%
talk
45%
admit
44%
far
44%
shame
44%
try,
44%
been
43%
healing
43%
kind
43%
kissed
43%
London
43%
lost
43%
off
43%
pain
43%
pull
43%
Took
43%
wanted
43%
Almost
42%
better
42%
caught
42%
'cause
42%
Every
42%
got
42%
kid
42%
memorized
42%
outline
42%
back
41%
brave
41%
deal
41%
great
41%
made
41%
openly
41%
damaged
40%
Does
40%
does
40%
honey,
40%
months,
40%
straight
40%
than
40%
bar
39%
bed
39%
catch
39%
empty,
39%
fallin',
39%
home
39%
laugh
39%
lifeline
39%
plug,
39%
Chances
38%
half
38%
less
38%
raise
38%
saddest,
38%
tried
38%
wait
38%
yourself
38%
hurts
37%
minds
37%
bones,
36%
harsh
36%
play
36%
run
36%
shut
36%
sometimes,
36%
those
36%
deep
35%
echo?
35%
finally
35%
follow
35%
safe
35%
wrote,
35%
baggage
34%
current
34%
page
34%
parts
34%
shadow,
34%
somewhere
34%
start
34%
truth
34%
both
33%
Tuesday
33%
into
32%
melts
32%
swear
32%
taste
32%
blew
31%
collateral
31%
something
31%
tongue?
31%
man,
30%
hit
29%
imagine,
29%
scared
29%
'til
29%
removed,
27%
showed
26%
restraint,
25%
No matching quizzes found
Score Distribution
Percent of People with Each Score
Percentile by Number Answered
Your Score History
You have not taken this quiz